Δημόσιες Σχέσεις / Στρατηγικές & Τεχνικές Τέταρτη Έκδοση (Record no. 1648)
[ view plain ]
| 000 -LEADER | |
|---|---|
| fixed length control field | 01337cam a22002294a 4500 |
| 005 - ΗΜΕΡΟΜΗΝΙΑ ΚΑΙ ΩΡΑ ΤΕΛΕΥΤΑΙΑΣ ΕΝΗΜΕΡΩΣΗΣ | |
| Πεδίο ελέγχου | 20250605164015.0 |
| 008 - FIXED-LENGTH DATA ELEMENTS--GENERAL INFORMATION | |
| Πεδίο ελέγχου σταθερού μήκους | 250528s ||||||||||||||||||||||||d |
| 035 ## - SYSTEM CONTROL NUMBER | |
| System control number | 16111 |
| 020 ## - ISBN | |
| ISBN | 9602863382 |
| 040 ## - ΠΗΓΗ ΚΑΤΑΛΟΓΟΓΡΑΦΗΣΗΣ | |
| Φορέας πρωτότυπης καταλογογράφησης | MC Athens Campus Library |
| Γλώσσα καταλογογράφησης | Ελληνικά, Μοντέρνα (1453-) |
| Modifying agency | MC Athens Campus Library |
| Κανόνες περιγραφικής καταλογογράφησης | AACR2 |
| 245 1# - ΤΙΤΛΟΣ ΚΑΙ ΔΗΛΩΣΗ ΥΠΕΥΘΥΝΟΤΗΤΑΣ | |
| Τίτλος | Δημόσιες Σχέσεις / Στρατηγικές & Τεχνικές Τέταρτη Έκδοση |
| 250 ## - EDITION STATEMENT | |
| Edition statement | 4η |
| 260 ## - PUBLICATION, DISTRIBUTION, ETC. | |
| Name of publisher, distributor, etc. | Ίων, |
| Date of publication, distribution, etc. | 1998 |
| 300 ## - PHYSICAL DESCRIPTION | |
| Extent | 824 |
| 520 ## - SUMMARY, ETC. | |
| Summary, etc. | Τι είναι οι Δημόσιες Σχέσεις, Είδη των Δημοσίων Σχέσεων, Η Εξέλιξη των Δημοσίων Σχέσεων, Τμήματα και Εταιρίες Δημοσίων Σχέσεων, Ηθική και Εαγγελματισμός, Έρευνα, Οργάνωση της Στρατηγικής, Επικοινωνία, Αξιολόγηση, Κοινή Γνώμη και Πειθώ, Εταιρίες, Διεθνείς Δημόσιες Σχέσεις, Οργανώσεις Μελών, Εκπαίδευση, Ψυχαγωγία και Αθλήματα και Παιχνίδια, Γραπτές Τακτικές, Τακτικές Ομιλίας, Οπτικές Τακτικές. |
| 700 1# - ΠΡΟΣΘΕΤΗ ΑΝΑΓΡΑΦΗ--ΦΥΣΙΚΟ ΠΡΟΣΩΠΟ | |
| Personal name | Agee Warren K. |
| 9 (RLIN) | 2149 |
| 700 1# - ΠΡΟΣΘΕΤΗ ΑΝΑΓΡΑΦΗ--ΦΥΣΙΚΟ ΠΡΟΣΩΠΟ | |
| Personal name | Ault Phillip H. |
| 9 (RLIN) | 2150 |
| 700 1# - ΠΡΟΣΘΕΤΗ ΑΝΑΓΡΑΦΗ--ΦΥΣΙΚΟ ΠΡΟΣΩΠΟ | |
| Personal name | Wilcox Dennis L |
| 9 (RLIN) | 2151 |
| 942 ## - ADDED ENTRY ELEMENTS (KOHA) | |
| Koha item type | Books |
| Τύπος τεκμηρίου | Βιβλιοθήκη | Τρέχουσα τοποθεσία | Barcode | Αριθμός εισαγωγής | Ημερομηνία απόκτησης | Ταξιθετικό σύμβολο | Αριθμός αντιτύπου | Κατάσταση απόσυρσης | Κατάσταση χαμένου | Κατάσταση κατεστραμμένου | Μη δανεισμός | Σύνολο δανεισμών | Ημερομηνία τελευταίας εμφάνισης | Η τιμή ισχύει από |
|---|---|---|---|---|---|---|---|---|---|---|---|---|---|---|
| Books | MC Athens Campus Library | MC Athens Campus Library | 9780000016478 | 2740 | 05/06/2025 | 659.2 WIL | 1 | 05/06/2025 | 05/06/2025 |